| 000 | 00839nam a2200241Ia 4500 | ||
|---|---|---|---|
| 003 | OSt | ||
| 005 | 20220918223159.0 | ||
| 006 | a|||||r|||| 00| 0 | ||
| 007 | ta | ||
| 008 | 220917b |||||||| |||| 00| 0 eng d | ||
| 024 | _a220,973 | ||
| 037 | _cTextual | ||
| 040 |
_aARTS _cARTS _beng |
||
| 041 |
_2eng _aeng |
||
| 082 | _aU8.231.M3, N7(M.Phil) | ||
| 100 | _aTod James | ||
| 245 | 0 |
_aTravels in Western India _b Embracing a visit to the sacred mounts of the Jains, and the most celebrated shrines of Hindu faith between Rajputana and the Indus;with an account of the ancient city of Nehrwalla |
|
| 260 |
_aNew Delhi _bMunshiram Manoharlal Publishers Pvt. Ltd. _c1997 |
||
| 300 |
_aLx, 518p. _ccm. |
||
| 650 | _aGEOGRAPHY | ||
| 942 |
_hU8.231.M3, N7(M.Phil) _cTEXL _2CC |
||
| 999 |
_c277693 _d277693 |
||